Sports Quiz

Random Sports or Logo Quiz
Score 0/12 Timer 03:00
0 Plays Today
% Correct
Atomic
90.3%
Salomon
75.8%
Head
69.5%
Nordica
62.1%
Fischer
54.6%
Dynastar
49.1%
Volkl
43.1%
Black Diamond
40.1%
Armada
30.1%
DPS
21.6%
4Frnt
18.6%
ON3P
9.3%
Come Together.
Have Fun.
All Virtual.
We all need to come together. Play Sporcle's virtual live trivia to have fun, connect with people, and get your trivia on. Join a live hosted trivia game for your favorite pub trivia experience done virtually. If a virtual private party is more your thing, go here for details.

You're not logged in!

Compare scores with friends on all Sporcle quizzes.
OR
Log In

Sporcle TV

Today on Sporcle TV


Watch our educational content, quiz creation guides, and fun videos on Sporcle TV.

Show Comments

Extras

Created Jan 25, 2016SourceReportNominate
Tags:Logo Quiz, brand, ski, Skiing

Top Quizzes Today


Score Distribution

Paid Content

Your Account Isn't Verified!

In order to create a playlist on Sporcle, you need to verify the email address you used during registration. Go to your Sporcle Settings to finish the process.

Report this User

Report this user for behavior that violates our Community Guidelines.

Details: